000 00476nam a2200181Ia 4500
005 20250508153216.0
008 008 250505s9999 xx 000 0 hin d
037 _aTextual
040 _aFEDL
_beng
_cFEDL
041 _ahin
_2eng
084 _a920.9, JAI
_qFEDL
100 _aJain Vimal Kumar
245 0 _aBharat-nirmata
260 _aDelhi, India
_bS Chand and Company
_c1960
300 _a165p
942 _cTEXL
_h920.9, JAI
999 _c1341269
_d1341269